Geography Quiz

Random Geography or State Quiz

US State Nicknames Quiz Stats

Quiz not verified by Sporcle

Challenge
Share
Tweet
Embed
Score 0/50 Timer 10:00
0 Plays Today
State Nickname % Correct
FloridaThe Sunshine State
81.8%
New YorkThe Empire State
81.1%
CaliforniaThe Golden State
78.8%
DelawareThe First State
78.8%
TexasThe Lone Star State
77.3%
GeorgiaThe Peach State
75%
New JerseyThe Garden State
74.2%
KentuckyThe Bluegrass State
72.7%
HawaiiThe Aloha State
72%
IndianaThe Hoosier State
71.2%
MissouriThe Show Me State
70.5%
TennesseeThe Volunteer State
70.5%
NebraskaThe Cornhusker State
69.7%
OklahomaThe Sooner State
67.4%
AlaskaThe Last Frontier
65.9%
MassachusettsThe Bay State
65.2%
NevadaThe Silver State
64.4%
PennsylvaniaThe Keystone State
64.4%
ConnecticutThe Constitution State
63.6%
VermontThe Green Mountain State
63.6%
Rhode IslandThe Ocean State
62.9%
New MexicoThe Land of Enchantment
62.1%
OhioThe Buckeye State
62.1%
IowaThe Hawkeye State
61.4%
UtahThe Beehive State
60.6%
State Nickname % Correct
ArizonaThe Grand Canyon State
59.8%
New HampshireThe Granite State
59.8%
MinnesotaThe North Star State
59.1%
WisconsinThe Badger State
59.1%
South CarolinaThe Palmetto State
56.1%
MississippiThe Magnolia State
55.3%
West VirginiaThe Mountain State
55.3%
OregonThe Beaver State
53.8%
KansasThe Sunflower State
53%
MichiganThe Wolverine State
52.3%
South DakotaThe Mount Rushmore State
52.3%
ColoradoThe Centennial State
51.5%
IdahoThe Gem State
51.5%
LouisianaThe Pelican State
50.8%
MaineThe Pine Tree State
48.5%
MarylandThe Old Line State
48.5%
WyomingThe Equality State
48.5%
WashingtonThe Evergreen State
47%
ArkansasThe Natural State
46.2%
AlabamaYellowhammer State
45.5%
MontanaThe Treasure State
42.4%
VirginiaThe Old Dominion State
42.4%
IllinoisThe Prairie State
41.7%
North DakotaThe Peace Garden State
39.4%
North CarolinaThe Old North State
19.7%

You're not logged in!

Compare scores with friends on all Sporcle quizzes.
Join for Free
OR
Log In

You Might Also Like...

Show Comments

Extras

Top Quizzes Today


Score Distribution

Your Account Isn't Verified!

In order to create a playlist on Sporcle, you need to verify the email address you used during registration. Go to your Sporcle Settings to finish the process.

Report this User

Report this user for behavior that violates our Community Guidelines.

Details: